|
|
แสดงรายละเอียดบรรณานุกรม |
|
|
Brief Record
: Get Marc (ISO 2709)
: E-mail record
: |
|
|
| LEADER 00000nama 2200000uu 4500 | |||
| 001 197218 | |||
| 003 ULIBM | |||
| 008 040531s|||| th m m a000 0 tha d | |||
| 020 974-482-055-1 | |||
| 041 tha | |||
| 050 WM100 ส271 2549 | |||
| 100 สมภพ เรืองตระกูล. | |||
| 245 จิตเวชศาสตร์พื้นฐานและโรคทางจิตเวช. | |||
| 260 กรุงเทพฯ. เรือนแก้วการพิมพ์. 2549. | |||
| 300 532หน้า. | |||
| 440 ตำราจิตเวชสำหรับแพทย์เวชศาสตร์ครอบครัว ชุดที่ 9. | |||
| 650 1.จิตเวชศาสตร์ 2.โรคจิต. | |||
| 995 001 | |||
| คุณยังไม่ได้ล็อกอิน คุณสามารถมีกิจกรรมร่วมกับเว็บไซต์ได้ แต่ต้องล็อกอินก่อน :: |
|
| สถานะ | |||||||||
| 1. | หนังสือทั่วไป | WM100 ส271 2549 | On Shelf ขอยืม | ||||||
| 2. | หนังสือทั่วไป | WM100 ส271 2549 | On Shelf ขอยืม | ||||||
| [แสดง 2/2 รายการ] | |||||||||
| รายการใกล้เคียง ผู้แต่ง [สมภพ เรืองตระกูล.]
|
BibComment |
| คอมเมนท์ทรัพยากรรายการนี้ |
|
|